Manual de historia de Chile: desde la Prehistoria hasta 1994

সংরক্ষণ করুন:
গ্রন্থ-পঞ্জীর বিবরন
প্রধান লেখক: Frías Valenzuela, Francisco (Author)
বিন্যাস: গ্রন্থ
ভাষা:স্প্যানিশ
প্রকাশিত: Santiago Zig-Zag 2001
সংস্করন:21a. ed
বিষয়গুলি:
ট্যাগগুলো: ট্যাগ যুক্ত করুন
কোনো ট্যাগ নেই, প্রথমজন হিসাবে ট্যাগ করুন!

MARC

LEADER 00000nam a2200000 a 4500
001 UCL3597
003 CL-VaPUC
008 031128e20010000CL |||||||||||||||||spa|d
020 |a 9561207656 
082 0 4 |a 983  |b FRI  |2 21 
100 0 |a Frías Valenzuela, Francisco  |e author  |9 480946 
245 1 0 |a Manual de historia de Chile: desde la Prehistoria hasta 1994 
250 |a 21a. ed 
300 |a 507 p 
942 |c BK 
945 |d 20031128 00:00:00  |a cmena 
260 |a Santiago  |b Zig-Zag  |c 2001 
650 0 |a Historia de Chile  |9 265473 
651 7 |a CHILE  |2 CL-VaPUC  |9 480947 
583 |a last modification  |c 20031128 00:00:00  |k Rodrigo Vera 
999 |c 306617  |d 306615 
952 |0 0  |1 0  |4 0  |6 983_000000000000000_FRI_2001  |7 0  |8 A  |9 371764  |a BIBEDU  |b BIBEDU  |d 2019-11-21  |i 3954722  |o 983 FRI 2001  |p 3954722  |r 2019-11-21  |w 2019-11-21  |y BK  |k EBA